Statistics for People - Real or Fictional?

Click here to take the quiz!

General Stats

  • This quiz has been taken 13,850 times
  • The average score is 13 of 15

Answer Stats

QuestionAnswer% Correct
CleopatraReal
98%
Forrest GumpFictional
96%
TarzanFictional
96%
Vlad the ImpalerReal
95%
RasputinReal
94%
Sherlock HolmesFictional
94%
ZorroFictional
89%
Richard the LionheartReal
89%
Atticus FinchFictional
87%
SpartacusReal
79%
Amazonian headhunters who killed people and shrank their headsReal
79%
Lawrence of ArabiaReal
76%
Hamlet, prince of DenmarkFictional
73%
Long John SilverFictional
62%
Johnny AppleseedReal
50%

Score Distribution

Percentile by Number Answered

Percent of People with Each Score

Your Score History

You have not taken this quiz